000 00400nam a2200157Ia 4500
008 240126s9999 xx 000 0 und d
041 _aEnglish
082 _a001.6424 SHI
100 _aShivashankar H N Ravi K R
245 0 _aComputer fundamentals and programming (Akshaya series 2)
260 _bSudha
300 _a295
440 _aNULL
650 _aComputer fundamentals
942 _cME
999 _c255480
_d255480